Foundations of economic value added
Saved in:
| Main Author: | |
|---|---|
| Format: | Book |
| Language: | Undetermined |
| Published: |
Hoboken, NJ
J. Wiley
2003
|
| Subjects: | |
| Tags: |
Add Tag
No Tags, Be the first to tag this record!
|
| Institutions: | Trung tâm Học liệu Trường Đại học Cần Thơ |
|---|
| LEADER | 00570nam a2200193Ia 4500 | ||
|---|---|---|---|
| 001 | CTU_109559 | ||
| 008 | 210402s9999 xx 000 0 und d | ||
| 082 | |a 332.632042 | ||
| 082 | |b G761 | ||
| 100 | |a Grant, James L. | ||
| 245 | 0 | |a Foundations of economic value added | |
| 245 | 0 | |c James L. Grant | |
| 260 | |a Hoboken, NJ | ||
| 260 | |b J. Wiley | ||
| 260 | |c 2003 | ||
| 650 | |a Economic value added,Corporations,Capital productivity,Investment analysis | ||
| 650 | |x Valuation | ||
| 904 | |i Năm, Q. Hieu | ||
| 980 | |a Trung tâm Học liệu Trường Đại học Cần Thơ | ||